[Event "VIII Festival B"]
[Site "Porto San Giorgio ITA"]
[Date "1996.08.??"]
[Round "3"]
[White "Valenti, Antonio"]
[Black "Mogranzini, Roberto"]
[Result "0-1"]
[WhiteElo "1797"]
[BlackElo "1834"]
[PlyCount "88"]
[EventDate "1996.08.20"]

1. d4 Nf6 2. Nf3 g6 3. Bg5 Bg7 4. Nbd2 d5 5. Bxf6 Bxf6 6. e3 O-O 7. Bd3 Bg4 8.
h3 Bxf3 9. Nxf3 Nd7 10. O-O e6 11. Rc1 Re8 12. c4 c6 13. cxd5 exd5 14. b4 Qb6
15. Qb3 a5 16. b5 a4 17. Qc2 Rec8 18. bxc6 bxc6 19. Rfd1 c5 20. Qb1 c4 21. Qxb6
Nxb6 22. Rb1 Rab8 23. Bc2 a3 24. Rb5 Nd7 25. Rdb1 Rxb5 26. Rxb5 Rb8 27. Rxd5
Rb2 28. Rxd7 Rxc2 29. e4 h6 30. e5 Bg7 31. Rc7 Rxa2 32. Rxc4 Rb2 33. Ra4 a2 34.
Kh2 Rxf2 35. d5 Rxf3 36. Ra8+ Kh7 37. Rxa2 Bxe5+ 38. Kg1 Rd3 39. Ra5 Rd2 40.
Kf1 Bg3 41. Ra3 Bd6 42. Ra5 h5 43. g4 h4 44. Ke1 Bb4 0-1

[Event "VIII Festival B"]
[Site "Porto San Giorgio ITA"]
[Date "1996.08.??"]
[Round "4"]
[White "Barro, Carlo"]
[Black "Mogranzini, Roberto"]
[Result "0-1"]
[WhiteElo "1762"]
[BlackElo "1834"]
[PlyCount "96"]
[EventDate "1996.08.20"]

1. d4 Nf6 2. c4 g6 3. Nc3 Bg7 4. e4 d6 5. Nf3 O-O 6. Be2 e5 7. d5 a5 8. a4 Nbd7
9. h3 h6 10. Be3 b6 11. O-O Nc5 12. Nd2 Nh7 13. Nb3 f5 14. Nxc5 bxc5 15. exf5
gxf5 16. f4 e4 17. Qe1 Kh8 18. Rb1 Bd4 19. Qd2 Bxe3+ 20. Qxe3 Rg8 21. Kh2 Nf6
22. Nd1 h5 23. g3 Qe7 24. h4 Bd7 25. b3 Rab8 26. Nf2 Qg7 27. Nh3 Ng4+ 28. Bxg4
hxg4 29. Ng5 Qd4 30. Rfe1 Qxe3 31. Rxe3 Bxa4 32. Kg2 Be8 33. Kf2 a4 34. Ke1 Bd7
35. Kd2 Rb4 36. Rc3 Rgb8 37. Ra1 axb3 38. Ne6 Bxe6 39. dxe6 b2 40. Rb1 Kg7 41.
Ra3 Kf6 42. Ra7 R4b7 43. Rxb7 Rxb7 44. Kc2 Kxe6 45. h5 Kf6 46. h6 Kg6 47. h7
Kxh7 48. Rh1+ Kg6 0-1

[Event "VIII Festival B"]
[Site "Porto San Giorgio ITA"]
[Date "1996.08.??"]
[Round "4"]
[White "Tosi, Francesco"]
[Black "De Bortoli, Peter"]
[Result "1-0"]
[WhiteElo "1883"]
[BlackElo "1975"]
[PlyCount "99"]
[EventDate "1996.08.20"]

1. Nf3 Nf6 2. c4 e6 3. Nc3 b6 4. g3 Bb7 5. Bg2 d6 6. d4 Nbd7 7. Qc2 e5 8. d5
Be7 9. O-O O-O 10. e4 a5 11. h3 Nc5 12. Be3 Bc8 13. Bxc5 bxc5 14. Kh2 Nh5 15.
Nd2 Bg5 16. Nf3 Bh6 17. Qe2 g6 18. Nh4 Ng7 19. Nd1 f5 20. Ne3 f4 21. Ng4 Bg5
22. Nf3 h5 23. Ngxe5 dxe5 24. Nxe5 Qe8 25. Nd3 Qf7 26. Bf3 Qd7 27. g4 hxg4 28.
hxg4 Qe7 29. e5 Rb8 30. Rh1 Ba6 31. b3 Rfe8 32. Rae1 a4 33. Kg2 axb3 34. Qe4
Qf7 35. axb3 Bc8 36. Nxc5 Rb6 37. Rh3 Qe7 38. Nd3 Nf5 39. e6 Nh4+ 40. Rxh4 Bxh4
41. Qxg6+ Kf8 42. Re5 Bxe6 43. dxe6 Rxe6 44. Rf5+ Rf6 45. Nxf4 Qf7 46. Bd5 Qg7
47. Kh3 Rxf5 48. Qxf5+ Qf6 49. Ng6+ Kg7 50. Nxh4 1-0

[Event "VIII Festival B"]
[Site "Porto San Giorgio ITA"]
[Date "1996.08.??"]
[Round "5"]
[White "Galioto, Natale"]
[Black "Di Martino, Antonio"]
[Result "1-0"]
[WhiteElo "1780"]
[BlackElo "1800"]
[PlyCount "55"]
[EventDate "1996.08.20"]

1. e4 e6 2. d4 d5 3. Nd2 dxe4 4. Nxe4 Nd7 5. Nf3 Be7 6. Bd3 b6 7. c3 Bb7 8. Bf4
Ngf6 9. Qc2 O-O 10. Neg5 g6 11. h4 Nh5 12. Bd2 Ndf6 13. Ne5 Bxg2 14. Rg1 Bb7
15. Nxh7 Nxh7 16. Bxg6 Ng7 17. Bxh7+ Kh8 18. Rxg7 Kxg7 19. Bh6+ Kh8 20. Bg8 f5
21. Bxe6 Be4 22. Qe2 Qe8 23. Bd7 Bd6 24. Bxe8 Rfxe8 25. Qh5 f4 26. Bxf4+ Bh7
27. O-O-O Rf8 28. Nf7+ 1-0

[Event "VIII Festival B"]
[Site "Porto San Giorgio ITA"]
[Date "1996.08.??"]
[Round "5"]
[White "Mogranzini, Roberto"]
[Black "Ravagnani, Tiziano"]
[Result "1/2-1/2"]
[WhiteElo "1834"]
[BlackElo "1914"]
[PlyCount "29"]
[EventDate "1996.08.20"]

1. e4 c5 2. Nf3 Nc6 3. d4 cxd4 4. Nxd4 Nf6 5. Nc3 e5 6. Ndb5 d6 7. Bg5 a6 8.
Na3 b5 9. Nd5 Be7 10. Bxf6 Bxf6 11. c3 O-O 12. Nc2 Bg5 13. Nce3 Bxe3 14. Nxe3
Ne7 15. Bd3 1/2-1/2

[Event "VIII Festival B"]
[Site "Porto San Giorgio ITA"]
[Date "1996.08.??"]
[Round "6"]
[White "De Bortoli, Peter"]
[Black "Mogranzini, Roberto"]
[Result "1-0"]
[WhiteElo "1975"]
[BlackElo "1834"]
[PlyCount "42"]
[EventDate "1996.08.20"]

1. e4 c5 2. Nf3 d6 3. d4 cxd4 4. Nxd4 Nf6 5. Nc3 a6 6. Bc4 e6 7. Bb3 b5 8. O-O
Be7 9. f4 Bb7 10. Be3 O-O 11. e5 dxe5 12. fxe5 Nfd7 13. Qh5 Nc5 14. Rxf7 Rxf7
15. Nxe6 Nxe6 16. Bxe6 Qe8 17. Rf1 Bf6 18. Bxf7+ Qxf7 19. Qxf7+ Kxf7 20. exf6
gxf6 21. Rd1 Ke6 1-0

[Event "VIII Festival B"]
[Site "Porto San Giorgio ITA"]
[Date "1996.08.??"]
[Round "7"]
[White "Mogranzini, Roberto"]
[Black "Colonnata, Elio"]
[Result "1-0"]
[WhiteElo "1834"]
[BlackElo "1675"]
[PlyCount "69"]
[EventDate "1996.08.20"]

1. e4 c5 2. Nf3 d6 3. d4 cxd4 4. Nxd4 Nf6 5. Nc3 g6 6. Be3 Bg7 7. f3 O-O 8. Qd2
Nc6 9. Bc4 Bd7 10. O-O-O Rc8 11. Bb3 Ne5 12. g4 Bxg4 13. fxg4 Nfxg4 14. h3 Nxe3
15. Qxe3 h5 16. Qg3 Nc4 17. Kb1 Kh7 18. Nce2 b5 19. Rhg1 Be5 20. Qg5 Bf6 21.
Qg3 h4 22. Qf3 a5 23. c3 a4 24. Bxc4 bxc4 25. a3 Rc5 26. Qg4 e6 27. Nxe6 Qe7
28. Nxf8+ Qxf8 29. Qd7 Be5 30. Rgf1 Bg7 31. Rxf7 Qg8 32. Nd4 Rc8 33. Ne6 Kh6
34. Rxg7 Qh8 35. Qf7 1-0

[Event "VIII Festival B"]
[Site "Porto San Giorgio ITA"]
[Date "1996.08.??"]
[Round "8"]
[White "Mogranzini, Roberto"]
[Black "Bernago, Federico"]
[Result "1-0"]
[WhiteElo "1834"]
[BlackElo "1849"]
[PlyCount "83"]
[EventDate "1996.08.20"]

1. e4 a6 2. d4 b5 3. Bd3 Bb7 4. c3 Nf6 5. Nd2 e6 6. Ngf3 c5 7. O-O Nc6 8. e5
Nd5 9. Ne4 cxd4 10. cxd4 Qb6 11. Be3 Ncb4 12. a3 Nxd3 13. Qxd3 Bc6 14. Nfd2 Qb7
15. f3 h6 16. Nb3 Nxe3 17. Qxe3 Bxe4 18. fxe4 Be7 19. Qf3 O-O 20. Rac1 Rac8 21.
Rxc8 Qxc8 22. Rc1 Qb8 23. Qc3 Bg5 24. Rc2 d5 25. exd5 exd5 26. Qc7 Be3+ 27. Kf1
Qe8 28. Re2 Bg5 29. Nc5 Qa8 30. g3 h5 31. h4 Bh6 32. Qd6 a5 33. Kg2 b4 34. a4
Rd8 35. Qe7 Re8 36. Qd7 Rd8 37. Qf5 g6 38. Qf3 Bf8 39. Rf2 Qa7 40. e6 Bxc5 41.
exf7+ Kf8 42. Qf6 1-0

[Event "VIII Festival C"]
[Site "Porto San Giorgio ITA"]
[Date "1996.08.??"]
[Round "2"]
[White "Colabrese, Cary"]
[Black "Saponara, Nicola"]
[Result "1-0"]
[WhiteElo "1633"]
[BlackElo "1570"]
[PlyCount "60"]
[EventDate "1996.08.20"]

1. d4 d5 2. c4 c6 3. cxd5 cxd5 4. Nc3 Nf6 5. Bf4 Bf5 6. e3 a6 7. Nf3 Nc6 8. Bd3
Bg4 9. O-O e6 10. h3 Bh5 11. Be2 Bd6 12. Ne5 Bxe2 13. Qxe2 Bxe5 14. dxe5 Nd7
15. Qg4 Rg8 16. Qh5 h6 17. Rfd1 Qc7 18. Nxd5 Qa5 19. b4 Nxb4 20. Nxb4 Qxb4 21.
Rxd7 Kxd7 22. Qxf7+ Kc6 23. Rc1+ Kb6 24. e4 Rac8 25. Qxe6+ Ka7 26. Rxc8 Qe1+
27. Kh2 Qxf2 28. Bg3 Qe3 29. Rxg8 g5 30. Rf8 h5 1-0

[Event "VIII Festival C"]
[Site "Porto San Giorgio ITA"]
[Date "1996.08.??"]
[Round "3"]
[White "Loche, Roberto"]
[Black "Santoro, Alessandro"]
[Result "1-0"]
[WhiteElo "1762"]
[BlackElo "1603"]
[PlyCount "29"]
[EventDate "1996.08.20"]

1. e4 c5 2. d4 cxd4 3. c3 dxc3 4. Nxc3 Nc6 5. Nf3 d6 6. Bc4 e6 7. Qe2 Nf6 8.
O-O a6 9. Rd1 Qc7 10. Bf4 e5 11. Nd5 Nxd5 12. exd5 Ne7 13. Nxe5 g6 14. Rac1 Bg7
15. Bb5+ 1-0

[Event "VIII Festival C"]
[Site "Porto San Giorgio ITA"]
[Date "1996.08.??"]
[Round "5"]
[White "Colabrese, Cary"]
[Black "Orazi, Carlo"]
[Result "1-0"]
[WhiteElo "1633"]
[BlackElo "1495"]
[PlyCount "171"]
[EventDate "1996.08.20"]

1. d4 d5 2. c4 c6 3. cxd5 cxd5 4. Nc3 Nf6 5. Bf4 Nc6 6. e3 Bf5 7. Bd3 Bxd3 8.
Qxd3 e6 9. Nge2 Bd6 10. O-O O-O 11. Bxd6 Qxd6 12. f4 Ne7 13. Ng3 Qd7 14. a3 a6
15. Rf2 Rac8 16. Rc2 Rc7 17. Rac1 Rfc8 18. b3 g6 19. Na4 Rxc2 20. Rxc2 Rxc2 21.
Qxc2 a5 22. h3 Qc6 23. Qd2 Qb5 24. Nc5 b6 25. a4 Qc6 26. Nd3 Nc8 27. Ne5 Qc7
28. Kh2 Nd6 29. Ng4 Nfe4 30. Qd3 Qc3 31. Nf6+ Kg7 32. Qxc3 Nxc3 33. Nd7 Nc8 34.
Ne5 h5 35. Nf1 f6 36. Nd3 h4 37. g3 hxg3+ 38. Kxg3 Nd6 39. Kf3 Nf5 40. Nc1 Kh6
41. Nd3 Kh5 42. Ng3+ Nxg3 43. Kxg3 Nd1 44. f5 gxf5 45. Nf4+ Kh6 46. Kf3 Nc3 47.
Nxe6 b5 48. axb5 Nxb5 49. Nf4 Nc3 50. Kf2 Na2 51. Ke1 Nc1 52. Nxd5 Nxb3 53. Nb6
Kg5 54. Kd1 a4 55. Nxa4 f4 56. h4+ Kxh4 57. Nc5 fxe3 58. Nxb3 f5 59. Ke2 f4 60.
Kf3 Kg5 61. Nc1 Kf5 62. Ne2 Ke6 63. Nxf4+ Kd6 64. Kxe3 Kd7 65. Ke4 Kd6 66. Kf5
Kd7 67. Ke5 Ke8 68. Kd6 Kd8 69. d5 Ke8 70. Kc7 Ke7 71. d6+ Kf6 72. Nd5+ Ke5 73.
Nb6 Ke6 74. d7 Ke5 75. d8=Q Ke4 76. Qd5+ Kf4 77. Kd6 Kg4 78. Qf7 Kg5 79. Ke5
Kg4 80. Qf5+ Kg3 81. Qf4+ Kg2 82. Ke4 Kg1 83. Qf3 Kh2 84. Qg4 Kh1 85. Kf3 Kh2
86. Qg2# 1-0

[Event "VIII Festival C"]
[Site "Porto San Giorgio ITA"]
[Date "1996.08.??"]
[Round "6"]
[White "Ridolfi, Raffaele"]
[Black "Colabrese, Cary"]
[Result "1-0"]
[WhiteElo "1660"]
[BlackElo "1633"]
[PlyCount "196"]
[EventDate "1996.08.20"]

1. d4 Nf6 2. c4 e6 3. Nc3 Bb4 4. Qc2 O-O 5. Nf3 Nc6 6. e3 a5 7. a3 Bxc3+ 8.
Qxc3 Ne4 9. Qc2 f5 10. Bd3 d5 11. b3 Bd7 12. Bb2 Be8 13. Rc1 Rc8 14. cxd5 exd5
15. Bb5 f4 16. exf4 Rxf4 17. O-O Rxf3 18. gxf3 Ng5 19. Be2 Nh3+ 20. Kh1 Qh4 21.
Qf5 Rd8 22. Rfe1 Bg6 23. Qe6+ Kh8 24. Qe3 Re8 25. Qd2 Qxf2 26. Bc3 Bh5 27. Rf1
Qxe2 28. Qxe2 Rxe2 29. f4 Bg4 30. f5 Ng5 31. Bxa5 Nxa5 32. Rxc7 h6 33. Rc3 Bh3
34. Rxh3 Nxh3 35. f6 gxf6 36. Rxf6 Kg7 37. Rf3 Ng5 38. Rg3 Kh7 39. Kg1 Re4 40.
Rc3 Rxd4 41. Rc5 Nxb3 42. Rc7+ Kg6 43. Rxb7 Nd2 44. Rb2 Ndf3+ 45. Kg2 Rg4+ 46.
Kf2 Nxh2 47. Rb6+ Kh5 48. Ke2 Ne4 49. Ke3 Nf1+ 50. Kd3 Nc5+ 51. Ke2 Nh2 52. Rd6
Re4+ 53. Kd1 Rd4+ 54. Ke1 Ng4 55. Rd8 Nd3+ 56. Kd2 Nf4+ 57. Kc3 Rd3+ 58. Kb4 d4
59. a4 Ne5 60. Rg8 Rd1 61. Kc5 d3 62. Kb4 Rb1+ 63. Kc3 Ra1 64. Rd8 Ne2+ 65. Kd2
Rxa4 66. Re8 Ra2+ 67. Ke3 d2 68. Rxe5+ Kg6 69. Kxe2 h5 70. Rd5 h4 71. Rd3 Kg5
72. Rd5+ Kg4 73. Rd4+ Kg3 74. Rd8 Kh2 75. Rd7 h3 76. Rg7 d1=Q+ 77. Kxd1 Rg2 78.
Rb7 Kg1 79. Ke1 h2 80. Rf7 h1=Q 81. Rf1+ Kh2 82. Rxh1+ Kxh1 83. Kd1 Kg1 84. Ke1
Rf2 85. Kd1 Kf1 86. Kc1 Re2 87. Kd1 Kf2 88. Kc1 Ke3 89. Kd1 Kd3 90. Kc1 Rd2 91.
Kb1 Kc3 92. Kc1 Kd3 93. Kb1 Rc2 94. Ka1 Kd2 95. Kb1 Kc3 96. Ka1 Kb4 97. Kb1 Kb3
98. Ka1 Rc1# 1-0

[Event "VIII Festival C"]
[Site "Porto San Giorgio ITA"]
[Date "1996.08.??"]
[Round "7"]
[White "Colabrese, Cary"]
[Black "Fucito, Giovanni"]
[Result "1-0"]
[WhiteElo "1633"]
[BlackElo "1653"]
[PlyCount "126"]
[EventDate "1996.08.20"]

1. d4 b6 2. c4 Bb7 3. Nc3 g6 4. Bf4 Bg7 5. e3 d6 6. Nf3 Nd7 7. Be2 Ngf6 8. h3
Ne4 9. Nxe4 Bxe4 10. O-O Bb7 11. Qc2 O-O 12. Bg5 Re8 13. Rad1 Qc8 14. b3 e5 15.
dxe5 Nxe5 16. Nxe5 dxe5 17. e4 f6 18. Bg4 Qb8 19. Be3 c5 20. Rd2 h5 21. Be2 Qc7
22. Rfd1 Rad8 23. f3 Bf8 24. Rd3 Rd6 25. R1d2 Red8 26. Qd1 Rxd3 27. Rxd3 Rxd3
28. Qxd3 Qd6 29. Qb1 Kh7 30. Qc1 f5 31. exf5 gxf5 32. Qc2 e4 33. f4 h4 34. Qc1
Bg7 35. Qe1 Qd8 36. Kh1 Qf6 37. Bd1 Qh6 38. Qd2 Bc6 39. Qd8 Qf6 40. Qd2 Qb2 41.
Qd8 Qf6 42. Qc8 Kh6 43. Kh2 Qg6 44. Bg4 Bd4 45. Bxd4 cxd4 46. Qf8+ Qg7 47. Qxf5
Qg6 48. Qf8+ Qg7 49. Qd6+ Qg6 50. Qxd4 Bb7 51. Qh8+ Qh7 52. Qf6+ Qg6 53. Qxh4+
Kg7 54. Bh5 Qh6 55. Qe7+ Kh8 56. Qe5+ Kh7 57. Be2 Qf8 58. Bg4 Qc5 59. Bf5+ Kg8
60. Qb8+ Qf8 61. Bh7+ Kg7 62. Qxb7+ Kh8 63. Qxe4 Qf6 1-0

[Event "VIII Festival C"]
[Site "Porto San Giorgio ITA"]
[Date "1996.08.??"]
[Round "8"]
[White "Colabrese, Cary"]
[Black "Bardelli, Alberto"]
[Result "1-0"]
[WhiteElo "1633"]
[BlackElo "1615"]
[PlyCount "64"]
[EventDate "1996.08.20"]

1. d4 Nf6 2. c4 g6 3. Nc3 Bg7 4. Nf3 O-O 5. Bf4 d6 6. h3 Bd7 7. e3 a6 8. Bd3 b5
9. O-O bxc4 10. Bxc4 Nc6 11. Qe2 Qc8 12. Rfd1 Na5 13. Bd3 Bc6 14. Rd2 Bb7 15.
Rc1 c5 16. dxc5 Qxc5 17. Rdc2 Qb6 18. b3 Rfc8 19. e4 Nc6 20. Be3 Qa5 21. Na4
Nb4 22. Rxc8+ Rxc8 23. Rxc8+ Bxc8 24. Bd2 Be6 25. Nd4 Nxe4 26. Qxe4 Bd5 27.
Qxe7 Bxd4 28. Qe2 Be6 29. Qe4 Bc5 30. Nxc5 dxc5 31. Bh6 Nd5 32. Qe5 Qe1+ 1-0

[Event "VIII Festival D"]
[Site "Porto San Giorgio ITA"]
[Date "1996.08.??"]
[Round "5"]
[White "Pietrobon, Fabio"]
[Black "Fioravanti, Diego"]
[Result "0-1"]
[WhiteElo "1600"]
[BlackElo "1600"]
[PlyCount "115"]
[EventDate "1996.08.20"]

1. d4 Nf6 2. Nf3 e6 3. g3 c5 4. c3 Nc6 5. Bg2 d5 6. O-O Be7 7. Nbd2 O-O 8. Re1
Ne4 9. Nxe4 dxe4 10. Nd2 f5 11. Nb3 c4 12. Nd2 b5 13. b3 Nxd4 14. cxd4 Qxd4 15.
Rb1 c3 16. Nf1 Qxd1 17. Rxd1 c2 18. Bb2 cxb1=Q 19. Rxb1 Bb7 20. Rc1 Rac8 21. a4
Rxc1 22. Bxc1 bxa4 23. bxa4 Bc6 24. Be3 Bxa4 25. Bxa7 Bb5 26. e3 Ra8 27. Bd4
Bxf1 28. Bxf1 Kf7 29. Kg2 Bf6 30. Bxf6 Kxf6 31. h4 h6 32. Bc4 g5 33. hxg5+ hxg5
34. Bb5 e5 35. Bc6 Rc8 36. Bb7 Rb8 37. Bc6 Ke6 38. Ba4 f4 39. g4 fxe3 40. fxe3
Rf8 41. Bc2 Rf3 42. Bxe4 Rxe3 43. Bf3 e4 44. Bd1 Ke5 45. Kf2 Rd3 46. Be2 Rd2
47. Ke3 Rxe2+ 48. Kxe2 Kf4 49. Kf2 e3+ 50. Ke2 Ke4 51. Ke1 Kf3 52. Kf1 Kxg4 53.
Ke2 Kf4 54. Ke1 g4 55. Ke2 g3 56. Kf1 Kf3 57. Ke1 g2 58. Kd1 0-1

[Event "V Festival C"]
[Site "Montecatini Terme ITA"]
[Date "1996.07.??"]
[Round "2"]
[White "Brizzi, Carlo Alberto"]
[Black "Distratis, Gianluca"]
[Result "1/2-1/2"]
[WhiteElo "1603"]
[BlackElo "1588"]
[PlyCount "81"]
[EventDate "1996.07.27"]

1. d4 Nf6 2. c4 c5 3. d5 b5 4. cxb5 a6 5. f3 axb5 6. e4 Bb7 7. Bxb5 Qa5+ 8. Nc3
e6 9. dxe6 fxe6 10. Nge2 Be7 11. Qb3 Nc6 12. O-O O-O 13. Rd1 Qb6 14. Be3 Na5
15. Qc2 d5 16. exd5 exd5 17. b4 d4 18. bxa5 Rxa5 19. Nxd4 cxd4 20. Bxd4 Bc5 21.
Qb3+ Nd5 22. Qc4 Bxd4+ 23. Rxd4 Rc8 24. Nxd5 Rxc4 25. Nxb6 Rxd4 26. a4 Ba6 27.
Bc6 Rb4 28. Nd5 Rc4 29. Ba8 Bb5 30. Nb6 Rb4 31. Be4 Bxa4 32. Nxa4 Rbxa4 33.
Rxa4 Rxa4 34. Kf2 Ra2+ 35. Kg3 Rb2 36. f4 g6 37. Kg4 Kg7 38. h4 Kf6 39. g3 Rb3
40. Kh3 Re3 41. Bc2 1/2-1/2

[Event "I Festival A"]
[Site "Nereto ITA"]
[Date "1996.08.??"]
[Round "?"]
[White "Ortega, Lexy"]
[Black "Maksimovic, Dejan"]
[Result "1-0"]
[WhiteElo "2495"]
[BlackElo "2250"]
[PlyCount "64"]
[EventDate "1996.08.05"]

1. d4 Nf6 2. c4 e6 3. Nc3 d5 4. Nf3 Be7 5. Bf4 O-O 6. e3 b6 7. cxd5 Nxd5 8.
Nxd5 Qxd5 9. a3 Bd6 10. Bg3 Ba6 11. Bxa6 Nxa6 12. b4 Qb5 13. Qe2 Qa4 14. O-O
Bxg3 15. hxg3 c5 16. Rfc1 Rfc8 17. dxc5 bxc5 18. b5 Nb8 19. Ne5 Qe4 20. Nc4 Rd8
21. Rd1 Rd5 22. f3 Qg6 23. e4 Rd4 24. Rxd4 cxd4 25. Ne5 Qxg3 26. Rc1 Na6 27.
Qc4 g5 28. Ng4 d3 29. Nf6+ Kh8 30. Qc8+ Kg7 31. Nh5+ Kg6 32. Nxg3 d2 1-0

[Event "I Festival A"]
[Site "Nereto ITA"]
[Date "1996.08.??"]
[Round "?"]
[White "Zelcic, Robert"]
[Black "Maksimovic, Dejan"]
[Result "0-1"]
[WhiteElo "2485"]
[BlackElo "2250"]
[PlyCount "114"]
[EventDate "1996.08.05"]

1. e4 c6 2. d4 d5 3. e5 Bf5 4. h4 h6 5. g4 Be4 6. f3 Bh7 7. e6 Qd6 8. exf7+
Kxf7 9. Bd3 Nd7 10. Bxh7 Rxh7 11. Qd3 Ngf6 12. Ne2 e5 13. Rg1 Kg8 14. g5 hxg5
15. hxg5 Nh5 16. Nbc3 Re8 17. g6 Rh8 18. Be3 exd4 19. Bxd4 c5 20. Bf2 Ne5 21.
Qf5 Qe6 22. Rg5 Qxf5 23. Rxf5 d4 24. Nb5 Nxg6 25. Kd2 a6 26. Nc7 Re5 27. Rxe5
Nxe5 28. Rf1 Nxf3+ 29. Kc1 Bd6 30. Nd5 Rh6 31. b4 Re6 32. bxc5 Bxc5 33. Kd1 Re5
34. Ndf4 Nxf4 35. Nxf4 Re4 36. Bg3 Ne5 37. Ne6 Be7 38. Nc7 Nc4 39. Bf4 Ne3+ 40.
Bxe3 dxe3 41. Ke2 Rc4 42. Nd5 Rxc2+ 43. Kxe3 Bc5+ 44. Ke4 Rxa2 45. Rb1 b5 46.
Rc1 Bf8 47. Rc8 a5 48. Ra8 b4 49. Nf4 b3 50. Ng6 b2 51. Rb8 Kf7 52. Ne5+ Ke6
53. Rb6+ Bd6 54. Nf3 a4 55. Nd4+ Kf7 56. Rb7+ Kg8 57. Ne6 a3 0-1

[Event "VIII Festival A"]
[Site "Robecchetto con Induno ITA"]
[Date "1996.06.??"]
[Round "1"]
[White "Attorre, Michele"]
[Black "Ruzza, Claudio"]
[Result "1/2-1/2"]
[WhiteElo "2010"]
[BlackElo "1740"]
[PlyCount "108"]
[EventDate "1996.06.24"]

1. d4 e6 2. Nf3 d5 3. e3 Nf6 4. Bd3 Bd6 5. c3 Nbd7 6. Nbd2 c5 7. O-O O-O 8. Re1
Qc7 9. e4 e5 10. exd5 exd4 11. cxd4 Nb6 12. dxc5 Bxc5 13. Ne4 Nbxd5 14. Nxc5
Qxc5 15. Re5 Be6 16. h3 Qd6 17. Bg5 Nd7 18. Re1 Rac8 19. Be4 N7b6 20. Qd3 f5
21. Bxd5 Qxd5 22. Rad1 Qxa2 23. Ra1 Qd5 24. Qe3 Rfe8 25. Rxa7 Nc4 26. Qb3 Nd6
27. Qxd5 Bxd5 28. Rd1 Nb5 29. Ra5 Bc4 30. Rd7 b6 31. Ra6 Be6 32. Rb7 Bd5 33.
Rbxb6 Bxf3 34. gxf3 Nd4 35. Kg2 Rc2 36. Ra7 h6 37. Re7 Rxe7 38. Bxe7 Kf7 39.
Rb7 Ke6 40. Bf8 Ne2 41. Kh2 Nf4 42. Bxg7 Rxf2+ 43. Kg3 Nd3 44. Bxh6 Rxb2 45.
Rxb2 Nxb2 46. Bg7 Nd3 47. Bd4 Kf7 48. f4 Kg6 49. Kf3 Kh5 50. Bf6 Nc5 51. Ke3
Ne6 52. Be7 Kg6 53. h4 Kh5 54. Bg5 Kg4 1/2-1/2

[Event "VIII Festival A"]
[Site "Robecchetto con Induno ITA"]
[Date "1996.06.??"]
[Round "1"]
[White "Cillo, Angelo"]
[Black "Barlocco, Carlo"]
[Result "0-1"]
[WhiteElo "1794"]
[BlackElo "2170"]
[PlyCount "92"]
[EventDate "1996.06.24"]

1. d4 d5 2. e3 Nf6 3. Bd3 g6 4. Nf3 Bg7 5. Nbd2 O-O 6. O-O Nc6 7. c3 e5 8. dxe5
Ng4 9. e6 Bxe6 10. Nd4 Nce5 11. Nxe6 fxe6 12. Be2 Qh4 13. Bxg4 Nxg4 14. h3 Ne5
15. Qe2 c5 16. e4 c4 17. f4 Nd3 18. Nf3 Nxc1 19. Raxc1 Qxf4 20. exd5 exd5 21.
Qe6+ Qf7 22. Ng5 Qxe6 23. Nxe6 Rxf1+ 24. Kxf1 Re8 25. Nc7 Rd8 26. Rd1 d4 27.
Ne6 Rd6 28. Nxg7 Kxg7 29. Rxd4 Rxd4 30. cxd4 Kf6 31. Ke2 Ke6 32. Kd2 Kd5 33.
Kc3 b5 34. Kb4 a6 35. Kc3 g5 36. g3 h5 37. g4 h4 38. Kb4 Kxd4 39. a4 bxa4 40.
Kxa4 c3 41. bxc3+ Kxc3 42. Ka5 Kd3 43. Kxa6 Ke3 44. Kb5 Kf3 45. Kc5 Kg3 46. Kd4
Kxh3 0-1

[Event "VIII Festival A"]
[Site "Robecchetto con Induno ITA"]
[Date "1996.06.??"]
[Round "1"]
[White "Delanoy, Arnaud"]
[Black "Guglielmi, Nicolo'"]
[Result "1-0"]
[WhiteElo "2150"]
[BlackElo "1770"]
[PlyCount "53"]
[EventDate "1996.06.24"]

1. e4 c5 2. Nf3 Nc6 3. Bb5 Qc7 4. O-O e6 5. Re1 d6 6. c3 Bd7 7. d4 Be7 8. Bf4
Qb6 9. Na3 Nf6 10. d5 Ne5 11. Bxd7+ Nfxd7 12. Bxe5 Nxe5 13. Nxe5 dxe5 14. Qa4+
Kf8 15. Nc4 Qc7 16. Rad1 Bd6 17. dxe6 Be7 18. Rd7 Qc6 19. Qxc6 bxc6 20. Nxe5
fxe6 21. Nxc6 Re8 22. Re3 Bg5 23. Rf3+ Kg8 24. Rff7 Bh6 25. Rxa7 g6 26. Rfe7
Rc8 27. Rxe6 1-0

[Event "VIII Festival A"]
[Site "Robecchetto con Induno ITA"]
[Date "1996.06.??"]
[Round "1"]
[White "Gandolfo, Marco"]
[Black "Belotti, Bruno"]
[Result "0-1"]
[WhiteElo "1961"]
[BlackElo "2390"]
[PlyCount "86"]
[EventDate "1996.06.24"]

1. g3 d5 2. Bg2 Nf6 3. f4 g6 4. Nf3 Bg7 5. O-O O-O 6. c3 c5 7. d3 Nc6 8. Kh1 b6
9. Na3 Ba6 10. Qa4 Bb7 11. Qc2 d4 12. e4 dxe3 13. Bxe3 Qc7 14. Rfe1 Rad8 15.
Rad1 e6 16. d4 cxd4 17. Bxd4 Nxd4 18. Nxd4 Ng4 19. Qe2 h5 20. Nac2 e5 21. fxe5
Bxe5 22. Bxb7 Qxb7+ 23. Kg1 Rde8 24. Qg2 Bxd4+ 25. cxd4 Qa6 26. h3 Nf6 27. a3
Qb5 28. Nb4 a5 29. Na2 Rxe1+ 30. Rxe1 Qc4 31. Nc3 Qxd4+ 32. Qf2 Rd8 33. Qxd4
Rxd4 34. Re2 Kg7 35. Kf2 Rd3 36. Kg2 Nd7 37. Kf2 h4 38. gxh4 Rxh3 39. Re7 Nc5
40. Kg2 Rxh4 41. Nd5 Na4 42. b3 Rd4 43. Nc7 Nc5 0-1

[Event "VIII Festival A"]
[Site "Robecchetto con Induno ITA"]
[Date "1996.06.??"]
[Round "1"]
[White "Giordani, Marco"]
[Black "Loncar, Robert"]
[Result "0-1"]
[WhiteElo "1947"]
[BlackElo "2455"]
[PlyCount "68"]
[EventDate "1996.06.24"]

1. d4 Nf6 2. c4 c5 3. d5 b5 4. cxb5 a6 5. bxa6 g6 6. Nc3 Bxa6 7. e4 Bxf1 8.
Kxf1 d6 9. Qe2 Bg7 10. g3 O-O 11. Kg2 Nbd7 12. Nf3 Nb6 13. Nd2 Nfd7 14. Nc4
Nxc4 15. Qxc4 Qa5 16. Bg5 Rfb8 17. Rab1 Rb4 18. Qe2 Rab8 19. Qc2 Qd8 20. Bd2
Ne5 21. b3 Qc8 22. Nd1 Qg4 23. Re1 Rd4 24. Bc3 Qf3+ 25. Kg1 Qh5 26. Kg2 Qf3+
27. Kg1 Bh6 28. Bxd4 cxd4 29. Nb2 d3 30. Qd1 d2 31. Re2 Rb4 32. Rxd2 Bxd2 33.
Qxd2 Qxe4 34. Qd1 Rd4 0-1

[Event "VIII Festival A"]
[Site "Robecchetto con Induno ITA"]
[Date "1996.06.??"]
[Round "1"]
[White "Griffa, Roberto"]
[Black "Nurkic, Sahbaz"]
[Result "0-1"]
[WhiteElo "1920"]
[BlackElo "2365"]
[PlyCount "62"]
[EventDate "1996.06.24"]

1. d4 g6 2. Nf3 Bg7 3. Bf4 d6 4. e3 Nd7 5. h3 Ngf6 6. Be2 O-O 7. O-O Qe8 8. Bh2
e5 9. c4 Qe7 10. Nc3 c6 11. b4 Ne8 12. Qb3 Kh8 13. c5 dxc5 14. dxc5 f5 15. Bc4
g5 16. Be6 Nxc5 17. bxc5 Bxe6 18. Qb4 Bg8 19. Rab1 Rf7 20. h4 h6 21. hxg5 hxg5
22. Rfd1 g4 23. Ne1 Bf6 24. f3 a5 25. Qa3 b5 26. Ne2 Bh7 27. Rbc1 Rg7 28. f4
Bh4 29. Bg3 Bxg3 30. Nxg3 Qh4 31. Kf2 Nf6 0-1

[Event "VIII Festival A"]
[Site "Robecchetto con Induno ITA"]
[Date "1996.06.??"]
[Round "1"]
[White "La Torre, Giovanni"]
[Black "Lanzani, Mario"]
[Result "0-1"]
[WhiteElo "1854"]
[BlackElo "2320"]
[PlyCount "60"]
[EventDate "1996.06.24"]

1. Nf3 d5 2. b3 c5 3. e3 Nf6 4. Bb2 g6 5. Be2 Bg7 6. d3 O-O 7. Nbd2 Nc6 8. O-O
Qc7 9. d4 cxd4 10. exd4 Rd8 11. a3 Ne4 12. Rc1 Bh6 13. h3 Qf4 14. Nb1 Qf6 15.
Nbd2 Nxd2 16. Nxd2 Nxd4 17. Kh1 Qf4 18. Bxd4 Qxd4 19. Nf3 Qc3 20. Rb1 e5 21.
Qd3 Qxd3 22. cxd3 f6 23. d4 Bf5 24. Rb2 e4 25. Ne1 Rac8 26. Nc2 Rc3 27. Bg4
Bxg4 28. hxg4 a5 29. a4 Rdc8 30. Na3 Bc1 0-1